Language Quiz

Random Language or Spanish Quiz
Score 0/60 Timer 09:00
0 Plays Today
Mood and Tense Conjugation % Correct
Indicative Presentsoy
100%
Indicative Presenteres
100%
Indicative Presentsomos
100%
Indicative Presentson
100%
Indicative Presentes
94.4%
Indicative Presentsois
88.9%
Indicative Preteritefui
66.7%
Indicative Preteritefuiste
66.7%
Indicative Preteritefue
66.7%
Indicative Preteritefuimos
66.7%
Indicative Preteritefueron
66.7%
Indicative Imperfectera
66.7%
Indicative Imperfecteras
66.7%
Indicative Imperfectera
66.7%
Indicative Imperfecterais
66.7%
Indicative Imperfecteran
66.7%
Past Participle/Perfectsido
61.1%
Indicative Futureseré
61.1%
Indicative Futureserá
61.1%
Present Participle/Continuous (Progressive)siendo
55.6%
Indicative Preteritefuisteis
55.6%
Indicative Conditionalsería
55.6%
Indicative Conditionalserías
55.6%
Indicative Conditionalsería
55.6%
Indicative Conditionalseríamos
55.6%
Indicative Conditionalseríais
55.6%
Indicative Conditionalserían
55.6%
Indicative Futureserás
55.6%
Indicative Futureseremos
55.6%
Indicative Futureserán
55.6%
Mood and Tense Conjugation % Correct
Subjunctive Presentsea
55.6%
Subjunctive Presentsea
55.6%
Subjunctive Presentsean
55.6%
Imperative Affirmativesea
55.6%
Imperative Affirmativesean
55.6%
Imperative Negativeno sea
55.6%
Imperative Negativeno seamos
55.6%
Indicative Imperfectéramos
50%
Subjunctive Presentseas
50%
Subjunctive Presentseamos
50%
Imperative Affirmativeseamos
50%
Imperative Negativeno seas
50%
Imperative Negativeno sean
50%
Indicative Futureseréis
44.4%
Subjunctive Imperfectfuera/fuese
44.4%
Subjunctive Imperfectfueras/fueses
44.4%
Subjunctive Imperfectfuera/fuese
44.4%
Subjunctive Imperfectfuerais/fueseis
44.4%
Subjunctive Imperfectfueran/fuesen
44.4%
Imperative Affirmative
44.4%
Subjunctive Presentseáis
33.3%
Subjunctive Imperfectfuéramos/fuésemos
33.3%
Imperative Affirmativesed
33.3%
Imperative Negativeno seáis
27.8%
Subjunctive Futurefuere
22.2%
Subjunctive Futurefuere
22.2%
Subjunctive Futurefueres
16.7%
Subjunctive Futurefuéremos
16.7%
Subjunctive Futurefuereis
16.7%
Subjunctive Futurefueren
16.7%
Remove Ads.
Support Sporcle.
Get the best of Sporcle when you Go Orange. This ad-free experience offers more features, more stats, and more fun while also helping to support Sporcle. Thank you for becoming a member.

You're not logged in!

Compare scores with friends on all Sporcle quizzes.
OR
Log In

Sporcle TV

Today on Sporcle TV


Watch our educational content, quiz creation guides, and fun videos on Sporcle TV.

Show Comments

Extras

Top Quizzes Today


Score Distribution

Paid Content

Your Account Isn't Verified!

In order to create a playlist on Sporcle, you need to verify the email address you used during registration. Go to your Sporcle Settings to finish the process.

Report this User

Report this user for behavior that violates our Community Guidelines.

Details: